000 00476nam a2200169Ia 4500
999 _c31657
_d31657
003 OSt
005 20200728105013.0
008 190216s9999||||xx |||||||||||||| ||und||
040 _coclc
082 _a510
_bJOH/U
100 _aJohn, N K
_93812
245 0 _aUniversity Mathematics /
_cN K John ; R Christofar
260 _bPragathi Prakashan,
_c1999.
_aMeerut:
300 _a172p
650 _aMathematics
942 _cBK
_2ddc
_h510
_iJOH/U
_k510
_mJOH/U